Textbook Of Electrical Technology Vol.I (Record no. 319175)

MARC details
000 -LEADER
fixed length control field 00431nam a2200145Ia 4500
008 - FIXED-LENGTH DATA ELEMENTS--GENERAL INFORMATION
fixed length control field 230718s9999 xx 000 0 und d
041 ## - LANGUAGE CODE
Language code of text/sound track or separate title eng
082 ## - DEWEY DECIMAL CLASSIFICATION NUMBER
Classification number 621.37
Item number THE
100 ## - MAIN ENTRY--PERSONAL NAME
Personal name Theraja B.L.
9 (RLIN) 126181
245 ## - TITLE STATEMENT
Title Textbook Of Electrical Technology Vol.I
Remainder of title Basic Electrical Engineering
260 ## - PUBLICATION, DISTRIBUTION, ETC. (IMPRINT)
Name of publisher, distributor, etc. S. Chand Pub
365 ## - TRADE PRICE
Currency code Rs.
Price amount 415.00
700 ## - ADDED ENTRY--PERSONAL NAME
Personal name Theraja B.L. & Theraja A.K.
906 ## - LOCAL DATA ELEMENT F, LDF (RLIN)
d B:451320-Aug-2008
c ALLEDS
b 62.25
Holdings
Withdrawn status Lost status Damaged status Not for loan Home library Current library Date acquired Vendor Budget Code Cost, normal purchase price Bill number Total Checkouts Full call number Barcode Date last seen Date last checked out Discount Cost, replacement price Bill Date Koha item type Original Barcode
        Cummins College of Engineering for Women Pune Cummins College of Engineering for Women Pune 26/08/2008 Varma Book Distributors ALLEDS 352.75 4513 4 621.37 CCEP-BK-30382 30/01/2024 16/01/2024 62.25 415.00 20/08/2008 Books 030382